000
00346nam a22001577a 4500
003
SGT
020
_a
9788131525265
082
_a
612.8,KAL
100
_a
KALAT, JAMES. W
245
_a
BIOLOGICAL PSYCHOLOGY
250
_a
11TH
260
_a
NEW DELHI
_b
CENGAGE LEARING
_c
2013
300
_a
482
650
_a
PSYCHOLOGY
942
_2
ddc
_c
BK
_0
28
999
_c
20820
_d
20820